Countries And Overseas Territories Of UK - Statistics

General Stats
  • This quiz has been taken 85 times
  • The average score is 16 of 21
Answer Stats
Statue Subdivision % Correct
Country England
96%
Country Northern Ireland
96%
Country Scotland
96%
Country Wales
94%
Crown Dependency Isle of Man
87%
Crown Dependency Jersey
86%
Overseas Territory Falkland Islands
82%
Crown Dependency Bailiwick of Guernsey
80%
Overseas Territory British Virgin Islands
80%
Overseas Territory Gibraltar
80%
Overseas Territory Bermuda
76%
Overseas Territory Montserrat
70%
Overseas Territory Pitcairn Islands
69%
Overseas Territory British Indian Ocean Territory
68%
Overseas Territory Cayman Islands
68%
Overseas Territory Anguilla
66%
Overseas Territory Saint Helena, Ascension and Tristan da Cunha
62%
Overseas Territory Turks and Caicos Islands
61%
Overseas Territory South Georgia and the South Sandwich Islands
55%
Overseas Territory Akrotiri and Dhekelia
52%
Overseas Territory British Antarctic Territory
44%
No matching quizzes found
Score Distribution
Percent of People with Each Score
Percentile by Number Answered
Your Score History
You have not taken this quiz